000 00264nam a22001217a 4500
008 180104b xxu||||| |||| 00| 0 eng d
041 _aeng
080 _a902
100 _a45
101 _aARK
245 _aJAMESTOWN REDISCOVERY III
_cKELSO,W.M
942 _2udc
_cBK
999 _c39726
_d39726